000 00557nam a2200217Ia 4500
003 OSt
005 20220928145047.0
006 a|||||r|||| 00| 0
007 ta
008 220927b |||||||| |||| 00| 0 eng d
024 _a78443
037 _cTextual
040 _aSDCL
_cSDCL
_beng
041 _2eng
_aeng
082 _aO124,4N7x, 111L5
100 _aBarreno Maria Isbel
_9511408
245 0 _aNew Portuguese letters.
260 _c1975
942 _hO124,4N7x, 111L5
_cTEXL
_2CC
999 _c831656
_d831656